ბათუმის შოთა რუსთაველის სახელმწიფო უნივერსიტეტის ბიბლიოთეკა

Wind Energy Handbook / (ბიბ.ჩანაწერი № 54283)

000 -LEADER
fixed length control field 00930nam a2200301Ia 4500
001 - CONTROL NUMBER
control field 21339
003 - CONTROL NUMBER IDENTIFIER
control field GE_BSU
005 - DATE AND TIME OF LATEST TRANSACTION
control field 20221114151006.0
008 - FIXED-LENGTH DATA ELEMENTS--GENERAL INFORMATION
fixed length control field 181216s2011||||ii |||||||||||||| ||ang||
020 ## - INTERNATIONAL STANDARD BOOK NUMBER
International Standard Book Number 9780470699751x
040 ## - CATALOGING SOURCE
Transcribing agency GE_BSU
041 ## - LANGUAGE CODE
Language code of text/sound track or separate title ang
080 ## - UNIVERSAL DECIMAL CLASSIFICATION NUMBER
Universal Decimal Classification number 621.31 W-72
245 ## - TITLE STATEMENT
Title Wind Energy Handbook /
Statement of responsibility, etc. Tony Burton, Nick, Jenkins, David Sharpe, Ervin Bossanyi.
Medium
250 ## - EDITION STATEMENT
Edition statement Second edition
264 ## - PRODUCTION, PUBLICATION, DISTRIBUTION, MANUFACTURE, AND COPYRIGHT NOTICE
Place of production, publication, distribution, manufacture New Delhi :
Name of producer, publisher, distributor, manufacturer Wiley,
Date of production, publication, distribution, manufacture, or copyright notice 2011.
300 ## - PHYSICAL DESCRIPTION
Extent 742 p. ;
Dimensions 25 cm.
500 ## - GENERAL NOTE
General note Index p. :729-742
653 ## - INDEX TERM--UNCONTROLLED
keyword Wind Energy Handbook
653 ## - INDEX TERM--UNCONTROLLED
keyword საინჟინრო საქმე
653 ## - INDEX TERM--UNCONTROLLED
keyword ტექნიკა
700 ## - ADDED ENTRY--PERSONAL NAME
Personal name Burton,Tony
Relator term ავტორი
9 (RLIN) 12406
700 ## - ADDED ENTRY--PERSONAL NAME
Personal name Jenkins,Nick.
Relator term ავტორი
9 (RLIN) 12407
700 ## - ADDED ENTRY--PERSONAL NAME
Personal name Sharpe,David
Relator term ავტორი
9 (RLIN) 12408
700 ## - ADDED ENTRY--PERSONAL NAME
Personal name Bossanyi, Ervin
Relator term ავტორი
9 (RLIN) 12409
942 ## - ADDED ENTRY ELEMENTS (KOHA)
Koha item type წიგნი
Source of classification or shelving scheme
ეგზემპლარები
Withdrawn status Lost status Source of classification or shelving scheme Damaged status Not for loan Permanent Location Current Location Date acquired Cost, normal purchase price Full call number Barcode Date last seen Copy number Price effective from Koha item type Public note
          ბათუმის შოთა რუსთაველის სახელმწიფო უნივერსიტეტის მთავარი ბიბლიოთეკა ბათუმის შოთა რუსთაველის სახელმწიფო უნივერსიტეტის მთავარი ბიბლიოთეკა 2018-12-17 282.00 621.31 W-72 55261 2018-12-17 55261 2018-12-17 წიგნი 282.00 GEL.